[Event "POL-ch Universities"]
[Site "Lublin"]
[Date "2024.02.23"]
[Round "3"]
[White "Nowak, Mikolaj"]
[Black "Drozdowski, Konrad"]
[Result "1-0"]
[WhiteElo "2317"]
[BlackElo "2117"]
[PlyCount "55"]
[EventDate "2024.02.23"]
[EventType "swiss"]
[EventRounds "9"]
[EventCountry "POL"]
[SourceTitle "CB10_2024"]
[SourceDate "2024.03.06"]
[SourceVersion "1"]
[SourceVersionDate "2024.03.06"]
[SourceQuality "1"]

1. d4 d5 2. c4 e6 3. Nf3 a6 4. Nbd2 dxc4 5. Nxc4 b5 6. Nce5 c5 7. a4 b4 8. e3 Nd7 9. Bd3 Nxe5 10. Nxe5 Bb7 11. 0-0 Bd6 12. Nc4 Nf6 13. Nxd6+ Qxd6 14. dxc5 Qxc5 15. Qe2 0-0 16. e4 e5 17. Be3 Qa5 18. f3 Rac8 19. b3 Nd7 20. Rac1 Nc5 21. Bc4 Rfd8 22. Rfd1 Ne6 23. Rxd8+ Qxd8 24. Rd1 Qa5 25. Rd6 Nc5 26. Bd5 g6 27. Bxb7 Nxb7 28. Bb6 1-0

[Event "POL-chT 1st League"]
[Site "Leba"]
[Date "2023.09.27"]
[Round "5.8"]
[White "Nowak, Mikolaj"]
[Black "Bus, Konrad"]
[Result "1/2-1/2"]
[WhiteElo "2360"]
[BlackElo "2264"]
[PlyCount "60"]
[EventDate "2023.09.23"]
[EventType "team-swiss"]
[EventRounds "9"]
[EventCountry "POL"]
[SourceTitle "EXT 2024"]
[Source "ChessBase"]
[SourceDate "2023.10.10"]
[SourceVersion "1"]
[SourceVersionDate "2023.10.10"]
[SourceQuality "1"]
[WhiteTeam "Rybnik"]
[BlackTeam "Wieliczka MKS MOS"]
[WhiteTeamCountry "POL"]
[BlackTeamCountry "POL"]

1. Nf3 d5 2. c4 d4 3. e3 Nc6 4. d3 e5 5. exd4 exd4 6. Be2 Bb4+ 7. Nbd2 a5 8. 0-0 Nf6 9. a3 Be7 10. b3 0-0 11. Bb2 Bf5 12. Re1 Qd7 13. h3 h6 14. Bf1 Bh7 15. Nxd4 Nxd4 16. Bxd4 Qxd4 17. Rxe7 Bxd3 18. Nf3 Qd8 19. Re3 Bxf1 20. Qxf1 Qd6 21. a4 Rfe8 22. Rae1 Rxe3 23. Rxe3 Rd8 24. g3 Qd1 25. Qxd1 Rxd1+ 26. Kg2 Kf8 27. Ne5 Nd7 28. Nxd7+ Rxd7 29. Re5 Rd3 30. Rb5 b6 1/2-1/2

[Event "POL-chT 1st League"]
[Site "Leba"]
[Date "2023.09.26"]
[Round "4.7"]
[White "Nowicki, Bartosz"]
[Black "Nowak, Mikolaj"]
[Result "1-0"]
[WhiteElo "2274"]
[BlackElo "2360"]
[PlyCount "95"]
[EventDate "2023.09.23"]
[EventType "team-swiss"]
[EventRounds "9"]
[EventCountry "POL"]
[SourceTitle "EXT 2024"]
[Source "ChessBase"]
[SourceDate "2023.10.10"]
[SourceVersion "1"]
[SourceVersionDate "2023.10.10"]
[SourceQuality "1"]
[WhiteTeam "Konin UKS Smecz"]
[BlackTeam "Rybnik"]
[WhiteTeamCountry "POL"]
[BlackTeamCountry "POL"]

1. e4 c6 2. d4 d5 3. e5 Bf5 4. Nf3 e6 5. Be3 Nd7 6. Nbd2 Be7 7. Be2 h5 8. 0-0 Nh6 9. c4 h4 10. h3 dxc4 11. Nxc4 Be4 12. Nxh4 b5 13. Nd2 Bd5 14. Nhf3 Nf5 15. a4 bxa4 16. Qxa4 Nb6 17. Qc2 Kf8 18. Bd3 g6 19. Ne4 Kg7 20. Ra6 Qc7 21. Bg5 Bxe4 22. Bxe7 Bxf3 23. Bf6+ Kg8 24. Bxh8 Nxd4 25. Qc5 Ne2+ 26. Bxe2 Bxe2 27. Qe3 Bxa6 28. Bf6 Kf8 29. Qh6+ Ke8 30. Qh8+ Kd7 31. Rd1+ Nd5 32. Qxa8 Bc8 33. Bg5 a6 34. Be3 Qxe5 35. Qa7+ Qc7 36. Qd4 e5 37. Qh4 Qd8 38. Bg5 Qe8 39. Bf6 Qe6 40. Qh8 Kc7 41. Bxe5+ Kb7 42. Re1 Nf4 43. Qd8 Nd5 44. Re3 a5 45. Rb3+ Ka6 46. Bd4 c5 47. Bxc5 Bb7 48. Qb8 1-0

[Event "Ustron op-A"]
[Site "Ustron"]
[Date "2023.08.11"]
[Round "1"]
[White "Ljepic, Andrej"]
[Black "Nowak, Mikolaj"]
[Result "1/2-1/2"]
[WhiteElo "2202"]
[BlackElo "2367"]
[PlyCount "126"]
[EventDate "2023.08.11"]
[EventType "swiss"]
[EventRounds "9"]
[EventCountry "POL"]
[SourceTitle "CBM 215 Extra"]
[Source "ChessBase"]
[SourceDate "2023.09.30"]
[SourceVersion "1"]
[SourceVersionDate "2023.09.30"]
[SourceQuality "1"]

1. e4 e5 2. Bc4 Nf6 3. d3 Nc6 4. Nf3 Bc5 5. 0-0 0-0 6. c3 Bb6 7. Bb3 d6 8. h3 Ne7 9. Bg5 Ng6 10. Nh4 Nxh4 11. Bxh4 h6 12. Nd2 Be6 13. Nc4 Kh7 14. Ne3 g5 15. Bg3 Qd7 16. Bc2 Ne8 17. d4 f6 18. h4 Ng7 19. Bb3 Bxb3 20. axb3 exd4 21. cxd4 f5 22. exf5 gxh4 23. Bh2 Nxf5 24. Qd3 Kh8 25. Rae1 Nxe3 26. Rxe3 Qh7 27. Qd2 Rae8 28. Rfe1 Rxe3 29. Rxe3 Qg6 30. g3 hxg3 31. Bxg3 h5 32. Kh2 Qh6 33. Qd3 Qh7 34. Re4 Qg6 35. Qe2 Kg7 36. Re6 Rf6 37. Re4 Rf7 38. b4 a6 39. Re6 Rf6 40. d5 Qf5 41. Rxf6 Kxf6 42. Bh4+ Kg6 43. Qe8+ Qf7 44. Qe4+ Kg7 45. f3 Kg8 46. Kh3 Kf8 47. Kh2 Kg7 48. Kh3 Qg6 49. Qe7+ Kh6 50. Qf8+ Qg7 51. Qf4+ Kh7 52. Qe4+ Qg6 53. Qe7+ Kg8 54. Qd8+ Kg7 55. Qe7+ Qf7 56. Qe4 Kg8 57. Kh2 a5 58. b5 Bc5 59. f4 Qg7 60. Qe8+ Qf8 61. Qg6+ Qg7 62. Qe8+ Qf8 63. Qg6+ Qg7 1/2-1/2

[Event "POL-ch Universities"]
[Site "Bydgoszcz"]
[Date "2023.03.11"]
[Round "7"]
[White "Nowak, Mikolaj"]
[Black "Klepek, Witold"]
[Result "1/2-1/2"]
[WhiteElo "2363"]
[BlackElo "2236"]
[PlyCount "78"]
[EventDate "2023.03.10"]
[EventType "swiss"]
[EventRounds "9"]
[EventCountry "POL"]
[SourceTitle "CBM 213 Extra"]
[Source "ChessBase"]
[SourceDate "2023.05.31"]
[SourceVersion "1"]
[SourceVersionDate "2023.05.31"]
[SourceQuality "1"]

1. d4 Nf6 2. c4 c5 3. e3 cxd4 4. exd4 e6 5. Nc3 d5 6. Nf3 Bb4 7. cxd5 Nxd5 8. Qc2 0-0 9. Bd3 h6 10. 0-0 Nc6 11. a3 Be7 12. Rd1 Bd7 13. Qe2 Rc8 14. Bd2 Re8 15. Rac1 Bf8 16. Qe4 Nf6 17. Qh4 Ne7 18. Ne5 Nf5 19. Bxf5 exf5 20. Qg3 g6 21. Re1 Bg7 22. Qf3 Bc6 23. Nxc6 bxc6 24. Rxe8+ Qxe8 25. Qd3 Rd8 26. Be3 Nd5 27. Nxd5 Rxd5 28. g3 Qd7 29. Qc4 Rd6 30. b4 g5 31. Qc5 f4 32. gxf4 Qg4+ 33. Kf1 Qh3+ 34. Ke1 Re6 35. f5 Rxe3+ 36. fxe3 Qxe3+ 37. Kd1 Qd3+ 38. Ke1 Qe3+ 39. Kd1 Qd3+ 1/2-1/2

[Event "POL-ch Universities"]
[Site "Bydgoszcz"]
[Date "2023.03.11"]
[Round "9"]
[White "Nowak, Mikolaj"]
[Black "Rzeszowski, Dominik"]
[Result "1-0"]
[WhiteElo "2363"]
[BlackElo "1882"]
[PlyCount "63"]
[EventDate "2023.03.10"]
[EventType "swiss"]
[EventRounds "9"]
[EventCountry "POL"]
[SourceTitle "CBM 213 Extra"]
[Source "ChessBase"]
[SourceDate "2023.05.31"]
[SourceVersion "1"]
[SourceVersionDate "2023.05.31"]
[SourceQuality "1"]

1. d4 Nf6 2. Nf3 d5 3. c4 c6 4. Nbd2 g6 5. g3 Bg7 6. Bg2 0-0 7. 0-0 Re8 8. b3 Nbd7 9. Bb2 b6 10. Qc2 Ba6 11. e4 Rc8 12. Rfe1 b5 13. exd5 cxd5 14. c5 Qc7 15. b4 Bb7 16. a3 h6 17. Qd1 Ne4 18. Rc1 e5 19. dxe5 Nxe5 20. Nxe5 Bxe5 21. Bxe5 Qxe5 22. Nf3 Qf5 23. Qc2 Bc6 24. Nd4 Qf6 25. Rcd1 Ng5 26. Rxe8+ Rxe8 27. Nxc6 Qxc6 28. Bxd5 Nf3+ 29. Kh1 Re1+ 30. Kg2 Rxd1 31. Qxd1 Ne1+ 32. Kf1 1-0

[Event "POL-ch Universities"]
[Site "Bydgoszcz"]
[Date "2023.03.10"]
[Round "1"]
[White "Nowak, Mikolaj"]
[Black "Drozdzal, Michal"]
[Result "1-0"]
[WhiteElo "2363"]
[BlackElo "1557"]
[PlyCount "83"]
[EventDate "2023.03.10"]
[EventType "swiss"]
[EventRounds "9"]
[EventCountry "POL"]
[SourceTitle "CBM 213 Extra"]
[Source "ChessBase"]
[SourceDate "2023.05.31"]
[SourceVersion "1"]
[SourceVersionDate "2023.05.31"]
[SourceQuality "1"]

1. d4 Nf6 2. c4 e5 3. Nf3 exd4 4. Nxd4 Bc5 5. Nc3 0-0 6. Nb3 Bb4 7. Bd2 Nc6 8. g3 Ne5 9. e3 d6 10. Nd4 c5 11. Nf3 Bg4 12. Be2 Bxf3 13. Bxf3 Nd3+ 14. Ke2 Ne5 15. b3 Qd7 16. Bg2 Qf5 17. Qb1 Qh5+ 18. f3 Rfe8 19. Kf2 Neg4+ 20. fxg4 Nxg4+ 21. Kg1 Nxe3 22. Bxe3 Bxc3 23. Bf2 Bxa1 24. Qxa1 Re7 25. Qc1 Rae8 26. Bf1 Qf5 27. h3 Qe5 28. Rh2 b6 29. Qd1 Qb2 30. Bxc5 Qe5 31. Bf2 Rd7 32. Bg2 b5 33. Bf1 d5 34. cxb5 d4 35. Bd3 Rc7 36. Rg2 Qg5 37. Kh2 Rc1 38. Qf3 Qd2 39. Bxd4 Qe1 40. Rg1 Qd2+ 41. Bf2 Rd1 42. Rxd1 1-0

[Event "POL-ch sf"]
[Site "Karpacz"]
[Date "2022.12.09"]
[Round "7"]
[White "Karolczuk, Iwo"]
[Black "Nowak, Mikolaj"]
[Result "1/2-1/2"]
[WhiteElo "2327"]
[BlackElo "2395"]
[PlyCount "33"]
[EventDate "2022.12.03"]
[EventType "swiss"]
[EventRounds "9"]
[EventCountry "POL"]
[SourceTitle "CBM 211 Extra"]
[Source "ChessBase"]
[SourceDate "2023.01.31"]
[SourceVersion "1"]
[SourceVersionDate "2023.01.31"]
[SourceQuality "1"]

1. d4 d5 2. Nf3 c5 3. c4 e6 4. cxd5 exd5 5. Nc3 Nc6 6. g3 Nf6 7. Bg2 cxd4 8. Nxd4 Bc5 9. Nxc6 bxc6 10. 0-0 0-0 11. Na4 Bb6 12. Qc2 Re8 13. Nxb6 Qxb6 14. Be3 Qa6 15. Rfc1 Bd7 16. Bf3 Ne4 17. b3 1/2-1/2

[Event "POL-ch sf"]
[Site "Karpacz"]
[Date "2022.12.07"]
[Round "5"]
[White "Chylewski, Patryk"]
[Black "Nowak, Mikolaj"]
[Result "1-0"]
[WhiteElo "2291"]
[BlackElo "2395"]
[PlyCount "83"]
[EventDate "2022.12.03"]
[EventType "swiss"]
[EventRounds "9"]
[EventCountry "POL"]
[SourceTitle "CBM 211 Extra"]
[Source "ChessBase"]
[SourceDate "2023.01.31"]
[SourceVersion "1"]
[SourceVersionDate "2023.01.31"]
[SourceQuality "1"]

1. e4 c5 2. Nf3 e6 3. c3 Nc6 4. d4 cxd4 5. cxd4 d5 6. e5 Nge7 7. Na3 Bd7 8. Nc2 Nf5 9. Bd3 Be7 10. h4 Qb6 11. Kf1 h5 12. g3 a5 13. Be2 g6 14. Bd2 Nb4 15. Na3 Kf8 16. Bc3 Kg7 17. Kg2 Na6 18. Qd2 Nc7 19. Bd3 Nb5 20. Nxb5 Bxb5 21. Bc2 Nh6 22. Rhc1 Rhc8 23. Qf4 Be2 24. Ne1 Qd8 25. Bd2 Ng8 26. Qe3 Bg4 27. f3 Bf5 28. Bxf5 exf5 29. Nd3 a4 30. Nf4 Kh7 31. e6 f6 32. Qd3 Qb6 33. Nxd5 Qd6 34. Qb5 Rd8 35. Nf4 Qxd4 36. Bc3 Qa7 37. Rd1 Bd6 38. Nxh5 Rac8 39. Bd4 Bc5 40. Nxf6+ Nxf6 41. Bxf6 Be7 42. Rd7 1-0

[Event "POL-ch sf"]
[Site "Karpacz"]
[Date "2022.12.03"]
[Round "1"]
[White "Sowinski, Pawel"]
[Black "Nowak, Mikolaj"]
[Result "0-1"]
[WhiteElo "2064"]
[BlackElo "2395"]
[PlyCount "98"]
[EventDate "2022.12.03"]
[EventType "swiss"]
[EventRounds "9"]
[EventCountry "POL"]
[SourceTitle "CBM 211 Extra"]
[Source "ChessBase"]
[SourceDate "2023.01.31"]
[SourceVersion "1"]
[SourceVersionDate "2023.01.31"]
[SourceQuality "1"]

1. e4 Nc6 2. d4 d5 3. e5 Bf5 4. Nf3 e6 5. Be2 f6 6. Bf4 Nge7 7. h4 Qd7 8. c3 Ng6 9. Bg3 fxe5 10. dxe5 Bc5 11. Nbd2 a6 12. 0-0 0-0 13. Nb3 Ba7 14. Qd2 Bg4 15. Nbd4 Nxd4 16. Nxd4 Bxe2 17. Nxe2 Qf7 18. Kh2 c5 19. Ng1 c4 20. Nh3 Ne7 21. f4 Nf5 22. Bf2 Qg6 23. g3 b5 24. Rg1 Nh6 25. Bxa7 Ng4+ 26. Kh1 Rxa7 27. Qd4 Rb7 28. a3 h6 29. Rg2 a5 30. Nf2 b4 31. Nxg4 Qxg4 32. axb4 axb4 33. Kh2 Rfb8 34. Ra7 Rb5 35. Rd7 bxc3 36. Qxc3 Rb3 37. Qd4 R3b6 38. Re7 R6b7 39. Rxb7 Rxb7 40. Qc5 Rb3 41. Qa7 Kh7 42. Qc5 Rd3 43. Qb6 Rd1 44. Qc6 Qf5 45. Rf2 Qe4 46. Rg2 Qb1 47. Rf2 Rh1+ 48. Kg2 Qg1+ 49. Kf3 Rh3 0-1

[Event "Trzcianka Dziedzic Memorial 12th"]
[Site "Trzcianka"]
[Date "2022.11.13"]
[Round "7"]
[White "Nowak, Mikolaj"]
[Black "Fiedorek, Michal"]
[Result "1/2-1/2"]
[WhiteElo "2395"]
[BlackElo "2298"]
[PlyCount "68"]
[EventDate "2022.11.13"]
[EventType "swiss (rapid)"]
[EventRounds "9"]
[EventCountry "POL"]
[SourceTitle "CBM 211 Extra"]
[Source "ChessBase"]
[SourceDate "2023.01.31"]
[SourceVersion "1"]
[SourceVersionDate "2023.01.31"]
[SourceQuality "1"]

1. d4 Nf6 2. Nf3 g6 3. b3 Bg7 4. Bb2 0-0 5. e3 d6 6. Be2 e5 7. dxe5 Nfd7 8. c4 Nxe5 9. Nc3 Nbd7 10. 0-0 a5 11. Qd2 Nc5 12. Rfd1 Bd7 13. Nxe5 Bxe5 14. Bf3 Bc6 15. Bxc6 bxc6 16. Rac1 Qh4 17. h3 f5 18. Ba3 Ne4 19. Nxe4 fxe4 20. Bb2 Rae8 21. Rc2 Rf5 22. b4 axb4 23. Qxb4 g5 24. Bxe5 Rfxe5 25. c5 d5 26. Qb7 g4 27. Qxc6 gxh3 28. Rxd5 Qg4 29. f3 exf3 30. Rxe5 Rxe5 31. Qxf3 Qxf3 32. gxf3 Rxe3 33. Rf2 Rc3 34. Kh2 Rxc5 1/2-1/2

[Event "POL-chT 1st League"]
[Site "Sypniewo"]
[Date "2022.09.11"]
[Round "9.7"]
[White "Gumula, Daniel"]
[Black "Nowak, Mikolaj"]
[Result "0-1"]
[WhiteElo "2192"]
[BlackElo "2373"]
[PlyCount "96"]
[EventDate "2022.09.03"]
[EventType "team-swiss"]
[EventRounds "9"]
[EventCountry "POL"]
[SourceTitle "CBM 210 Extra"]
[Source "ChessBase"]
[SourceDate "2022.11.30"]
[SourceVersion "1"]
[SourceVersionDate "2022.11.30"]
[SourceQuality "1"]
[WhiteTeam "Jaworzno"]
[BlackTeam "Rybnik"]
[WhiteTeamCountry "POL"]
[BlackTeamCountry "POL"]

1. Nf3 d5 2. c4 d4 3. b4 a5 4. Bb2 axb4 5. Nxd4 c5 6. Nb5 Nc6 7. g3 e5 8. Bg2 Be6 9. d3 Nf6 10. 0-0 Be7 11. a3 0-0 12. axb4 Rxa1 13. Bxa1 cxb4 14. Nd2 Qb6 15. Qa4 Nd7 16. Bb2 Rd8 17. Qa1 f6 18. e3 Bf7 19. d4 Na5 20. Rc1 Nxc4 21. Nxc4 Qxb5 22. Bf1 Qa6 23. Na5 Qb6 24. Nc4 Qe6 25. dxe5 Rc8 26. exf6 Bxf6 27. Rd1 b3 28. Rd6 Qe7 29. Bxf6 Nxf6 30. Qd4 Qe4 31. Rd8+ Rxd8 32. Qxd8+ Qe8 33. Qb6 Bd5 34. Nd6 Qd7 35. e4 Nxe4 36. Nxe4 Bxe4 37. Qxb3+ Bd5 38. Bc4 Bxc4 39. Qxc4+ Kh8 40. h4 b5 41. Qf4 h6 42. Qe5 Qd3 43. h5 Kh7 44. Qc5 Qb1+ 45. Kh2 b4 46. f4 b3 47. Qb6 Qc2+ 48. Kh3 b2 0-1

[Event "POL-chT Academic"]
[Site "Chorzow"]
[Date "2022.04.03"]
[Round "8.19"]
[White "Golenia, Jan"]
[Black "Nowak, Mikolaj"]
[Result "1/2-1/2"]
[WhiteElo "2091"]
[BlackElo "2148"]
[PlyCount "81"]
[EventDate "2022.04.02"]
[EventType "team-swiss (rapid)"]
[EventRounds "9"]
[EventCountry "POL"]
[SourceTitle "EXT 2024"]
[Source "ChessBase"]
[SourceDate "2023.10.10"]
[SourceVersion "1"]
[SourceVersionDate "2023.10.10"]
[SourceQuality "1"]

1. c4 e6 2. Nf3 d5 3. d4 Nf6 4. g3 c5 5. cxd5 cxd4 6. Qa4+ Bd7 7. Qxd4 exd5 8. Bg5 Nc6 9. Qe3+ Be6 10. Bg2 h6 11. Bxf6 Qxf6 12. Qb3 Bb4+ 13. Nbd2 Qe7 14. 0-0 0-0 15. Qd3 Qf6 16. a3 Bc5 17. b4 Bb6 18. Nb3 Rad8 19. Rac1 d4 20. Nc5 Bf5 21. Qd2 Bxc5 22. Rxc5 d3 23. exd3 Bxd3 24. Re1 Bf1 25. Qc3 Qxc3 26. Rxc3 Bxg2 27. Kxg2 a6 28. Ne5 Nxe5 29. Rxe5 Rd7 30. a4 Rfd8 31. b5 axb5 32. Rxb5 Rd4 33. a5 R4d5 34. Rxd5 Rxd5 35. Rc8+ Kh7 36. Ra8 Kg6 37. Ra7 Rb5 38. Kf3 h5 39. h4 Kf5 40. Ke3 f6 41. a6 1/2-1/2

[Event "POL-chT 1st League"]
[Site "Szklarska Poreba"]
[Date "2021.09.10"]
[Round "7.6"]
[White "Licznerski, Lukasz"]
[Black "Nowak, Mikolaj"]
[Result "1-0"]
[WhiteElo "2387"]
[BlackElo "2310"]
[PlyCount "71"]
[EventDate "2021.09.04"]
[EventType "team-swiss"]
[EventRounds "9"]
[EventCountry "POL"]
[SourceTitle "CBM 204 Extra"]
[Source "ChessBase"]
[SourceDate "2021.11.30"]
[SourceVersion "1"]
[SourceVersionDate "2021.11.30"]
[SourceQuality "1"]
[WhiteTeam "Stara Wies Parnas"]
[BlackTeam "Rybnik"]
[WhiteTeamCountry "POL"]
[BlackTeamCountry "POL"]

1. e4 e5 2. Nf3 Nc6 3. Bb5 Nf6 4. d3 Bc5 5. c3 0-0 6. 0-0 d6 7. Nbd2 a6 8. Ba4 Ba7 9. h3 Ne7 10. Re1 Ng6 11. Nf1 d5 12. exd5 Nxd5 13. Ng3 Ndf4 14. Bxf4 exf4 15. Ne4 b5 16. Bb3 Bb7 17. Nfg5 h6 18. Qh5 Nh8 19. Nf3 Qxd3 20. Rad1 Qxe4 21. Rxe4 Bxe4 22. Ne5 Kh7 23. Rd7 Bb6 24. Bd5 Bxd5 25. Rxd5 Rfe8 26. Qf5+ Kg8 27. Rd7 Rad8 28. Kf1 f3 29. Qxf3 Bc5 30. Qb7 Bd6 31. Rxd8 Rxd8 32. Nc6 Re8 33. Qxa6 Ng6 34. Qxb5 Nf4 35. a4 Re2 36. Qxe2 1-0

[Event "POL-chT 1st League"]
[Site "Szklarska Poreba"]
[Date "2021.09.08"]
[Round "5.7"]
[White "Nowak, Mikolaj"]
[Black "Seemann, Jakub"]
[Result "1-0"]
[WhiteElo "2310"]
[BlackElo "2294"]
[PlyCount "75"]
[EventDate "2021.09.04"]
[EventType "team-swiss"]
[EventRounds "9"]
[EventCountry "POL"]
[SourceTitle "CBM 204 Extra"]
[Source "ChessBase"]
[SourceDate "2021.11.30"]
[SourceVersion "1"]
[SourceVersionDate "2021.11.30"]
[SourceQuality "1"]
[WhiteTeam "Rybnik"]
[BlackTeam "Podlesie UKS 21"]
[WhiteTeamCountry "POL"]
[BlackTeamCountry "POL"]

1. Nf3 Nf6 2. g3 e6 3. Bg2 d5 4. 0-0 Be7 5. c4 0-0 6. d4 dxc4 7. Na3 Bxa3 8. bxa3 c6 9. a4 Nd5 10. Ba3 Re8 11. e4 Nc7 12. Ne5 b5 13. Qh5 g6 14. Qh6 a5 15. Nxf7 Qd7 16. Nd6 b4 17. Nxe8 Nxe8 18. Bc1 Qxd4 19. Be3 Qf6 20. e5 Qf7 21. Rad1 Bd7 22. Rd4 c3 23. Rfd1 Nc7 24. Rxd7 Nxd7 25. Bxc6 Rd8 26. Qh4 Qe8 27. Rd6 Nd5 28. Bxd5 exd5 29. e6 c2 30. exd7 Rxd7 31. Rxd7 Qxd7 32. Qd4 Qc6 33. Bc1 h5 34. Kf1 Kh7 35. h4 Qe6 36. Qa7+ Kg8 37. Qb8+ Kh7 38. Qc7+ 1-0

[Event "POL-chT 1st League"]
[Site "Szklarska Poreba"]
[Date "2021.09.06"]
[Round "3.7"]
[White "Nowak, Mikolaj"]
[Black "Chmiel, Marcin"]
[Result "1-0"]
[WhiteElo "2310"]
[BlackElo "2232"]
[PlyCount "125"]
[EventDate "2021.09.04"]
[EventType "team-swiss"]
[EventRounds "9"]
[EventCountry "POL"]
[SourceTitle "CBM 204 Extra"]
[Source "ChessBase"]
[SourceDate "2021.11.30"]
[SourceVersion "1"]
[SourceVersionDate "2021.11.30"]
[SourceQuality "1"]
[WhiteTeam "Rybnik"]
[BlackTeam "Krakow KKSz"]
[WhiteTeamCountry "POL"]
[BlackTeamCountry "POL"]

1. e4 c6 2. Nc3 d5 3. Nf3 Bg4 4. Be2 Nf6 5. e5 Nfd7 6. d4 e6 7. 0-0 c5 8. Bg5 Qc8 9. Nb5 a6 10. Nd6+ Bxd6 11. exd6 Nc6 12. c4 dxc4 13. dxc5 Bxf3 14. Bxf3 0-0 15. Rc1 Nce5 16. b4 cxb3 17. axb3 Nxf3+ 18. Qxf3 Qc6 19. Qxc6 bxc6 20. b4 Ra7 21. Ra1 Nb8 22. Bd2 Rb7 23. Rfe1 Re8 24. Kf1 f6 25. Ke2 Kf7 26. Kd3 g5 27. Kc4 e5 28. Ra3 h5 29. f3 Ke6 30. Re4 Rg8 31. h3 Kf5 32. Ra1 Rbg7 33. Rae1 g4 34. hxg4+ hxg4 35. f4 Nd7 36. fxe5 fxe5 37. Bc3 Re8 38. R4e2 g3 39. Rf1+ Kg6 40. Ra1 Rf7 41. Re3 Rf4+ 42. Kb3 Rb8 43. Rxg3+ Kf5 44. Kc2 e4 45. Rg7 Rf2+ 46. Kd1 Ne5 47. Re7 Nd3 48. Rf7+ Ke6 49. Rxf2 Nxf2+ 50. Ke2 Nd3 51. Rxa6 Rg8 52. Rxc6 Kd5 53. Rc7 Nf4+ 54. Kf1 Ne6 55. Rf7 e3 56. Rf5+ Kc4 57. Re5 Nf4 58. Rxe3 Nd5 59. Rf3 Nxc3 60. Rxc3+ Kxc3 61. d7 Kd4 62. c6 Ke3 63. Kg1 1-0

[Event "Poznan op 28th"]
[Site "Poznan"]
[Date "2021.08.19"]
[Round "6"]
[White "Nowak, Mikolaj"]
[Black "Lanin, Boris Aleksandrovic"]
[Result "1-0"]
[WhiteElo "2313"]
[BlackElo "1949"]
[PlyCount "81"]
[EventDate "2021.08.15"]
[EventType "swiss"]
[EventRounds "9"]
[EventCountry "POL"]
[SourceTitle "CBM 203 Extra"]
[Source "ChessBase"]
[SourceDate "2021.09.30"]
[SourceVersion "1"]
[SourceVersionDate "2021.09.30"]
[SourceQuality "1"]

1. d4 Nf6 2. Nf3 g6 3. c4 Bg7 4. e3 d6 5. Nc3 0-0 6. Be2 Nbd7 7. 0-0 e5 8. Qc2 c6 9. Rd1 Qc7 10. b4 a6 11. a4 Re8 12. Ba3 e4 13. Nd2 d5 14. Rdc1 Qd8 15. b5 Nf8 16. bxc6 bxc6 17. a5 h5 18. Rcb1 N8h7 19. Rb6 Re6 20. Na4 Nd7 21. cxd5 cxd5 22. Rxe6 fxe6 23. Qc6 Rb8 24. Qxe6+ Kh8 25. Qxd5 Bb7 26. Qa2 Qg5 27. Nc5 Nxc5 28. Bxc5 Re8 29. Rb1 Bd5 30. Bc4 Nf6 31. Bxd5 Nxd5 32. Qc2 Qf5 33. Nc4 Re6 34. Nb6 Nf6 35. Rd1 h4 36. h3 g5 37. f3 Nh5 38. d5 Re8 39. d6 Bf6 40. d7 Rd8 41. Rd5 1-0

[Event "Poznan op 28th"]
[Site "Poznan"]
[Date "2021.08.15"]
[Round "2"]
[White "Nowak, Mikolaj"]
[Black "Jaworski, Mateusz"]
[Result "1-0"]
[WhiteElo "2313"]
[BlackElo "1712"]
[PlyCount "95"]
[EventDate "2021.08.15"]
[EventType "swiss"]
[EventRounds "9"]
[EventCountry "POL"]
[SourceTitle "CBM 203 Extra"]
[Source "ChessBase"]
[SourceDate "2021.09.30"]
[SourceVersion "1"]
[SourceVersionDate "2021.09.30"]
[SourceQuality "1"]

1. d4 Nf6 2. c4 g6 3. Nc3 Bg7 4. e4 d6 5. Nge2 0-0 6. Ng3 c5 7. d5 e6 8. Be2 exd5 9. exd5 Re8 10. 0-0 a6 11. Bf4 Qc7 12. Qd2 Nbd7 13. Rfe1 Ne5 14. h3 Rb8 15. Bg5 b6 16. a4 Kh8 17. Bf1 Bb7 18. Bh6 Ng8 19. Bxg7+ Kxg7 20. f4 Nd7 21. Nce4 Ndf6 22. Qc3 b5 23. axb5 axb5 24. b3 b4 25. Qb2 Qd8 26. Bd3 Ra8 27. Kh2 h5 28. Ng5 Rxa1 29. Rxa1 Kf8 30. Qc2 h4 31. Nf1 Qe7 32. Ra7 Nh5 33. Qf2 Ra8 34. Rxa8+ Bxa8 35. Qxh4 Kg7 36. Qf2 Qf6 37. g3 Qc3 38. Qc2 Qd4 39. Bxg6 Nxf4 40. Bxf7 Nf6 41. Ne6+ Nxe6 42. Bxe6 Ne4 43. Bf5 Ng5 44. Qe2 Qf6 45. Ne3 Qe5 46. Bd3 Qc3 47. Nf5+ Kf8 48. Qe7+ 1-0

[Event "Suwalki Warakomska Memorial 5th"]
[Site "Suwalki"]
[Date "2021.08.02"]
[Round "8"]
[White "Nasuta, Grzegorz"]
[Black "Nowak, Mikolaj"]
[Result "1-0"]
[WhiteElo "2518"]
[BlackElo "2310"]
[PlyCount "51"]
[EventDate "2021.07.27"]
[EventType "swiss"]
[EventRounds "9"]
[EventCountry "POL"]
[SourceTitle "EXT 2022"]
[Source "ChessBase"]
[SourceDate "2021.10.06"]
[SourceVersion "1"]
[SourceVersionDate "2021.10.06"]
[SourceQuality "1"]

1. e4 e6 2. d4 c5 3. c3 cxd4 4. cxd4 d5 5. e5 Nc6 6. Nf3 Nge7 7. Nc3 Nf5 8. a3 Be7 9. Be2 0-0 10. 0-0 Bd7 11. b4 Rc8 12. Bb2 f6 13. Bd3 fxe5 14. dxe5 Be8 15. Ne2 a6 16. Bxf5 Rxf5 17. Nfd4 Nxd4 18. Nxd4 Rf7 19. Nxe6 Qb6 20. Nd4 a5 21. Qg4 Rc4 22. Rac1 axb4 23. e6 Rf8 24. Rxc4 h5 25. Qg3 h4 26. Qc7 1-0

[Event "Warsaw Najdorf Memorial op-A"]
[Site "Warsaw"]
[Date "2021.07.18"]
[Round "9"]
[White "Nowak, Mikolaj"]
[Black "Dwilewicz, Katarzyna"]
[Result "1-0"]
[WhiteElo "2310"]
[BlackElo "2082"]
[PlyCount "145"]
[EventDate "2021.07.10"]
[EventType "swiss"]
[EventRounds "9"]
[EventCountry "POL"]
[SourceTitle "EXT 2022"]
[Source "ChessBase"]
[SourceDate "2021.10.06"]
[SourceVersion "1"]
[SourceVersionDate "2021.10.06"]
[SourceQuality "1"]

1. c4 Nf6 2. Nf3 e6 3. e3 d5 4. b3 c5 5. cxd5 exd5 6. Bb2 Nc6 7. Bb5 Bd7 8. 0-0 Bd6 9. Re1 0-0 10. h3 Re8 11. d4 cxd4 12. Nxd4 Ne4 13. Nf3 a6 14. Bd3 Qe7 15. Nc3 Nxc3 16. Bxc3 Ne5 17. Nxe5 Bxe5 18. Qh5 g6 19. Qxe5 Qxe5 20. Bxe5 Rxe5 21. Rac1 Bc6 22. Red1 Rd8 23. Rd2 Re6 24. Be2 Kf8 25. Bf3 Ke7 26. h4 h5 27. Rd4 Red6 28. Kh2 R8d7 29. g4 hxg4 30. Bxg4 Rd8 31. Kg3 Kf6 32. Rcd1 Ke7 33. R1d2 f6 34. Rd1 Bd7 35. Be2 Be6 36. Bf3 f5 37. Rb4 b6 38. Rc1 Rc8 39. Rxc8 Bxc8 40. Kf4 Ke6 41. Rd4 Bb7 42. Kg5 Kf7 43. h5 gxh5 44. Bxh5+ Kg7 45. Bf3 Kf7 46. Kxf5 Rf6+ 47. Kg4 Ke6 48. Kg3 Ke5 49. Bg2 Rg6+ 50. Kh2 b5 51. f4+ Kd6 52. Bxd5 Bxd5 53. e4 Rg4 54. Rxd5+ Ke6 55. Re5+ Kd6 56. Rf5 Ke6 57. Kh3 Rg1 58. Rh5 Re1 59. Rh6+ Ke7 60. Rxa6 Rxe4 61. Kg4 b4 62. Kf5 Re2 63. Ra7+ Kd6 64. Kg5 Kc6 65. f5 Kb6 66. Ra4 Kb5 67. f6 Rg2+ 68. Kh6 Rh2+ 69. Kg7 Rg2+ 70. Kf8 Rf2 71. f7 Re2 72. Ra8 Rh2 73. Kg7 1-0